000 00763nam a22002651 4500
001 12252
003 BD-RjUL
005 20211208235248.0
008 140128s1965 caua b 001 0 eng
035 _a(BD-RjUL)12301
040 _aDLC
_cDLC
_dBD-RjUL
_beng
041 _aeng
082 0 0 _a595.7013
_bGIM 1965
100 1 _aGilmour, Darcy
_d1915-
_938031
245 1 4 _aThe metabolism of insects /
_cDarcy Gilmour
260 _aEdenburgh ; London :
_bOliver and Boyd,
_cc1965
300 _axii, 195 p. :
_billus. ;
_c22 cm.
490 0 _aUniversity reviews in biology
504 _aInclude bibliography and index.
650 0 _aInsects
_xPhysiology.
_938032
650 0 _aMetabolism.
_938033
942 _2ddc
_cBK
999 _c12252
_d12252